[Event "IsBank TCh-TUR"]
[Site "Konya TUR"]
[Date "2010.07.02"]
[Round "6"]
[White "Melia,S"]
[Black "Zdebskaja,N"]
[Result "1/2-1/2"]
[WhiteElo "2466"]
[BlackElo "2383"]
[EventDate "2010.06.29"]

1. e4 c6 2. d4 d5 3. exd5 cxd5 4. c4 Nf6 5. Nc3 e6 6. Nf3 Bb4 7. cxd5 Nxd5
8. Bd2 Nc6 9. Bd3 O-O 10. O-O Be7 11. Qe2 Qb6 12. Na4 Nxd4 13. Bxh7+ Kh8
14. Qd3 Nxf3+ 15. Qxf3 Qd4 16. Bd3 Kg8 17. Qe4 Qxe4 18. Bxe4 Bd7 19. Nc3
Bc6 20. Bxd5 exd5 21. Be3 Bf6 22. Rad1 Bxc3 23. bxc3 Bb5 24. Rfe1 Bc4 25.
a3 b6 26. Bd4 Rfe8 27. f3 f6 28. Kf2 Kf7 29. h4 Rxe1 30. Rxe1 Re8 31. Rxe8
Kxe8 1/2-1/2

[Event "IsBank TCh-TUR"]
[Site "Konya TUR"]
[Date "2010.07.02"]
[Round "6"]
[White "Aydogdu,A"]
[Black "Erbis,B"]
[Result "1/2-1/2"]
[WhiteElo "2083"]
[BlackElo "1950"]
[EventDate "2010.06.29"]

1. d4 Nf6 2. Nf3 g6 3. c4 Bg7 4. Nc3 O-O 5. g3 d6 6. Bg2 c5 7. O-O Nc6 8.
d5 Na5 9. Nd2 e5 10. a3 b6 11. b4 Nb7 12. e4 Ng4 13. h3 Nh6 14. Nf3 f6 15.
Ra2 Nf7 16. Nh4 Ng5 17. Kh2 Qd7 18. f4 exf4 19. gxf4 Nf7 20. Qd3 Qe7 21.
Nf3 g5 22. Ne2 gxf4 23. Bxf4 Ne5 24. Nxe5 fxe5 25. Be3 Bd7 26. Ng3 Rxf1 27.
Bxf1 Kh8 28. Nh5 Rg8 29. Rg2 Qh4 30. Rxg7 Rxg7 31. Nxg7 Kxg7 32. Bg2 Nd8
33. bxc5 bxc5 34. Qb3 Be8 35. Qb8 Qe7 36. Bf3 Bg6 37. Kg3 Nf7 38. Qc8 Ng5
39. Bxg5 Qxg5+ 40. Qg4 Qxg4+ 41. hxg4 Be8 42. Bd1 Kg6 43. Kh4 h6 44. Bc2
Kf6 45. Bd1 Ke7 46. Bc2 Kd8 47. Bd1 1/2-1/2

[Event "IsBank TCh-TUR"]
[Site "Konya TUR"]
[Date "2010.07.02"]
[Round "6"]
[White "Yargici,M"]
[Black "Kerigan,D"]
[Result "1-0"]
[WhiteElo "1822"]
[BlackElo "2126"]
[EventDate "2010.06.29"]

1. d4 d5 2. Nf3 Nf6 3. c4 dxc4 4. e3 Bg4 5. Bxc4 e6 6. O-O a6 7. a4 Nc6 8.
Nc3 Bd6 9. h3 Bh5 10. Be2 O-O 11. Nd2 Bxe2 12. Qxe2 e5 13. d5 Nb4 14. Qc4
c6 15. e4 Rc8 16. Qb3 Bc5 17. Rd1 Qb6 18. Rf1 cxd5 19. exd5 Rfd8 20. Nc4
Qc7 21. Be3 Nbxd5 22. Nxd5 Rxd5 23. Rac1 b5 24. axb5 axb5 25. Na3 b4 26.
Nc2 Bxe3 27. Nxe3 Rc5 28. Rcd1 Qb6 29. Nf5 R5c7 30. Rd6 Qc5 31. Rfd1 Rf8
32. Rxf6 Kh8 33. Rfd6 1-0

[Event "IsBank TCh-TUR"]
[Site "Konya TUR"]
[Date "2010.07.02"]
[Round "6"]
[White "Isparta,Sevim"]
[Black "Danelia,M"]
[Result "0-1"]
[WhiteElo "1605"]
[BlackElo "2203"]
[EventDate "2010.06.29"]

1. e4 c5 2. Nf3 d6 3. d4 cxd4 4. Nxd4 Nf6 5. Nc3 a6 6. Bc4 e6 7. Bb3 Nc6 8.
Be3 Be7 9. Qe2 Qc7 10. O-O-O Na5 11. g4 b5 12. f3 Nxb3+ 13. Nxb3 Bb7 14.
Kb1 Nd7 15. Qf2 Bc6 16. Ne2 a5 17. Nbd4 Ne5 18. Nf4 Bd7 19. Nd3 Nc4 20. Rc1
Rb8 21. g5 b4 22. Bd2 Qb6 23. Rhd1 e5 24. Nf5 Qxf2 25. Nxf2 Bxf5 0-1

[Event "IsBank TCh-TUR"]
[Site "Konya TUR"]
[Date "2010.07.02"]
[Round "6"]
[White "Vatansever,Buse"]
[Black "Gundogan,C"]
[Result "1-0"]
[WhiteElo "1547"]
[BlackElo "1816"]
[EventDate "2010.06.29"]

1. e4 e5 2. Nf3 Nc6 3. Bb5 a6 4. Ba4 Nf6 5. Qe2 d6 6. c3 Be7 7. d3 Bg4 8.
Nbd2 O-O 9. Nf1 Nb8 10. h3 Bd7 11. Bxd7 Nbxd7 12. Ng3 d5 13. O-O Re8 14.
Nf5 Bf8 15. Bg5 h6 16. Bh4 c6 17. Rad1 g6 18. Ne3 Nb6 19. Ng4 g5 20. Nxg5
hxg5 21. Bxg5 Bg7 22. f4 Nbd7 23. fxe5 Rxe5 24. Nxe5 Nxe5 25. d4 Ned7 26.
e5 Qe8 27. Rf5 Ne4 28. Qg4 Qe6 29. Rdf1 Nf8 30. Bf6 Ng6 31. Bxg7 Kxg7 32.
Rxf7+ Qxf7 33. Rxf7+ Kxf7 34. Qd7+ Kg8 35. e6 1-0

[Event "IsBank TCh-TUR"]
[Site "Konya TUR"]
[Date "2010.07.02"]
[Round "6"]
[White "Mamedov,Nid"]
[Black "Mchedlishvili,M"]
[Result "1/2-1/2"]
[WhiteElo "2614"]
[BlackElo "2630"]
[EventDate "2010.06.29"]

1. e4 e5 2. Nf3 Nc6 3. Bb5 Nf6 4. Qe2 Bc5 5. c3 O-O 6. d3 Re8 7. Bg5 h6 8.
Bh4 Be7 9. Nbd2 d6 10. Nf1 Bd7 11. Ne3 Ng4 12. Nxg4 Bxg4 13. Bxe7 Qxe7 14.
h3 Bd7 15. O-O a6 16. Ba4 Nd4 17. Nxd4 Bxa4 18. Nf5 Qg5 19. Ne3 Bd7 20. Kh2
Rad8 21. g3 f5 22. exf5 Bxf5 23. h4 Qg6 24. Nxf5 Qxf5 25. Rae1 Qf7 26. b3
c6 27. Kg2 Qd7 28. Qe3 Rf8 29. d4 Rde8 30. Qd3 exd4 1/2-1/2

[Event "IsBank TCh-TUR"]
[Site "Konya TUR"]
[Date "2010.07.02"]
[Round "6"]
[White "Gelashvili,T"]
[Black "Mirzoev,A"]
[Result "0-1"]
[WhiteElo "2614"]
[BlackElo "2555"]
[EventDate "2010.06.29"]

1. Nf3 d5 2. d4 Nf6 3. e3 c6 4. Bd3 Bg4 5. Nbd2 Nbd7 6. h3 Bh5 7. c4 e6 8.
b3 Be7 9. Bb2 Bg6 10. Bxg6 hxg6 11. Qc2 O-O 12. O-O a5 13. a3 Qb6 14. Rac1
Rfd8 15. c5 Qa6 16. g4 b6 17. cxb6 Rdc8 18. Ne5 Nxe5 19. dxe5 Nd7 20. e4
Rab8 21. a4 Bb4 22. Bc3 Ba3 23. Bb2 Bb4 24. Bc3 Bc5 25. Kg2 Bxb6 26. Rcd1
Ba7 27. Bb2 Nc5 28. Bd4 Nxe4 29. Nxe4 dxe4 30. Bxa7 Qxa7 31. Rfe1 c5 32.
Rxe4 Qb7 33. Rc1 g5 34. Kh2 Qxb3 35. Qxb3 Rxb3 36. Rec4 Rb4 37. Rxc5 Rxc5
38. Rxc5 Rxa4 39. Kg3 Kh7 40. f3 Ra3 41. Rc7 Kg6 42. Ra7 a4 43. Ra6 Ra1 44.
Kg2 a3 45. Ra5 a2 46. Ra6 Kh6 47. Ra7 Kh7 48. Kh2 Rf1 49. Rxa2 Rxf3 50. Re2
Ra3 51. Kg2 Kg8 52. Re1 Rd3 53. Re2 Kf8 54. Ra2 Ke7 55. Ra7+ Rd7 56. Ra3 f6
57. exf6+ gxf6 58. Kf3 e5 59. Ke3 Ke6 60. Ra6+ Rd6 61. Ra8 Rc6 62. Rh8 Rc3+
63. Ke4 Rc4+ 64. Kf3 Rf4+ 65. Ke3 Ra4 66. Rh7 Ra3+ 67. Kf2 e4 68. h4 Ke5
69. Rh6 Rf3+ 70. Kg2 Rf4 71. Kg3 e3 72. Rh8 gxh4+ 73. Kxh4 Re4 74. Rh5+ Kd4
0-1

[Event "IsBank TCh-TUR"]
[Site "Konya TUR"]
[Date "2010.07.02"]
[Round "6"]
[White "Duman,A"]
[Black "Arduman,C"]
[Result "1/2-1/2"]
[WhiteElo "2221"]
[BlackElo "2335"]
[EventDate "2010.06.29"]

1. e4 e5 2. Nf3 Nc6 3. Bc4 Nf6 4. d3 Bc5 5. c3 d6 6. Bb3 O-O 7. O-O a6 8.
Nbd2 h6 9. h3 Be6 10. Re1 Re8 11. Nf1 Ba7 12. Ng3 d5 13. Qe2 Qd7 14. Nh4
dxe4 15. dxe4 Bxb3 16. axb3 Qe6 17. b4 Ne7 18. Nhf5 Nxf5 19. Nxf5 Kh7 20.
Qf3 Ng8 21. Rd1 g6 22. Ne3 c6 23. Qg4 Qxg4 24. hxg4 Rad8 25. Rxd8 Rxd8 26.
Kf1 Nf6 27. f3 Ne8 28. Ke2 Nd6 29. b3 Nb5 30. Bd2 Bxe3 1/2-1/2

[Event "IsBank TCh-TUR"]
[Site "Konya TUR"]
[Date "2010.07.02"]
[Round "6"]
[White "Tulay,B"]
[Black "Bolat,A"]
[Result "1/2-1/2"]
[WhiteElo "2163"]
[BlackElo "2016"]
[EventDate "2010.06.29"]

1. d4 Nf6 2. Nf3 d5 3. c4 e6 4. Nc3 Be7 5. cxd5 exd5 6. Bg5 c6 7. Qc2 O-O
8. e3 Ne4 9. h4 f5 10. Bf4 Nd7 11. O-O-O Qa5 12. Kb1 Ndf6 13. Nxe4 fxe4 14.
Ne5 c5 15. dxc5 Qxc5 16. Qxc5 Bxc5 17. Be2 Be6 18. g4 Rfd8 19. g5 Ne8 20.
Bg4 Bxg4 21. Nxg4 Kf7 22. f3 exf3 23. Ne5+ Ke6 24. Nxf3 Nd6 25. Rd3 Ne4 26.
Rh2 Rac8 27. Rc2 Bb6 28. Rxc8 Rxc8 29. Rd1 Rc4 30. Rd3 Rc8 31. Rd1 1/2-1/2

[Event "IsBank TCh-TUR"]
[Site "Konya TUR"]
[Date "2010.07.02"]
[Round "6"]
[White "Burneckas,Y"]
[Black "Uzun,S"]
[Result "0-1"]
[WhiteElo "1946"]
[BlackElo "1966"]
[EventDate "2010.06.29"]

1. Nf3 c5 2. e4 d6 3. Bb5+ Nd7 4. a4 Ngf6 5. Nc3 a6 6. Bxd7+ Bxd7 7. d4
cxd4 8. Nxd4 e5 9. Nf3 h6 10. O-O Be6 11. Re1 Be7 12. Be3 Qc7 13. a5 Rc8
14. Bb6 Qc6 15. Rc1 O-O 16. Qd3 Bd8 17. Bxd8 Rfxd8 18. Red1 Qc5 19. Ra1 Qb4
20. Rdb1 Nd7 21. Ra4 Qc5 22. Rd1 Nb8 23. Rd2 Nc6 24. Nd5 Bxd5 25. Qxd5 Nb4
26. Qxb7 Rb8 27. Qe7 Nc6 28. Qc7 Rxb2 29. h3 Rxc2 30. Ra2 Rxa2 31. Rxa2 Re8
32. Rd2 Nd4 33. Qxc5 dxc5 34. Kf1 Rb8 35. Rd1 Nxf3 36. gxf3 Rb5 37. Ra1 Kf8
38. Ke2 Ke7 39. h4 g6 40. f4 exf4 41. Kf3 g5 42. hxg5 hxg5 43. Kg4 Kf6 44.
Rd1 Rxa5 45. Rd5 Rb5 46. Rd6+ Ke5 47. Rxa6 Kxe4 48. Kxg5 c4+ 0-1

[Event "IsBank TCh-TUR"]
[Site "Konya TUR"]
[Date "2010.07.02"]
[Round "6"]
[White "Tulay,S"]
[Black "Kaya,E"]
[Result "1-0"]
[WhiteElo "1788"]
[BlackElo "2006"]
[EventDate "2010.06.29"]

1. e4 c5 2. Nf3 g6 3. d4 Bg7 4. Nc3 cxd4 5. Nxd4 Nc6 6. Be3 Nf6 7. Be2 O-O
8. O-O d5 9. exd5 Nb4 10. Nf3 Nfxd5 11. Nxd5 Qxd5 12. Qxd5 Nxd5 13. Bd4
Bxd4 14. Nxd4 e5 15. Nb3 Bf5 16. Rfe1 Nb4 17. Bd1 f6 18. c3 Nd3 19. Re2
Rfd8 20. Rd2 Nf4 21. Bf3 Rxd2 22. Nxd2 Rd8 23. Nc4 e4 24. Rd1 Rf8 25. g4
Be6 26. Rd4 Nh3+ 27. Kg2 exf3+ 28. Kxh3 h5 29. Ne3 hxg4+ 30. Nxg4 f5 31.
Ne5 f4+ 32. Kh4 Kg7 33. Nxf3 Bxa2 34. Kh3 Rf5 35. Rd7+ Kf6 36. Rd6+ Kg7 37.
Nd4 Rg5 38. Ne6+ Bxe6+ 39. Rxe6 Rb5 40. b4 Rh5+ 41. Kg2 Kf7 42. Re4 g5 43.
Rc4 Kg6 44. Rc7 Rh7 45. Rxh7 Kxh7 46. Kf3 Kg6 47. c4 Kf5 48. h3 b6 49. b5
Ke5 50. Kg4 Kf6 51. h4 gxh4 52. Kxf4 Ke6 53. Kg5 Ke5 54. f3 Kd4 55. Kxh4
1-0

[Event "IsBank TCh-TUR"]
[Site "Konya TUR"]
[Date "2010.07.02"]
[Round "6"]
[White "Yurtseven,M"]
[Black "Buyukasik,D"]
[Result "0-1"]
[WhiteElo "1964"]
[BlackElo "2034"]
[EventDate "2010.06.29"]

1. e4 c5 2. Nf3 d6 3. d4 cxd4 4. Nxd4 Nf6 5. Nc3 a6 6. Bg5 e6 7. f4 Qb6 8.
Nb3 Qc7 9. Qe2 Nbd7 10. g4 b5 11. Bg2 Bb7 12. O-O-O O-O-O 13. e5 h6 14.
Bxb7+ Qxb7 15. Bxf6 gxf6 16. exd6 Bxd6 17. Rhf1 Nb6 18. Ne4 Be7 19. f5 e5
20. Nec5 Qc6 21. Qe4 Rd5 22. Rxd5 Nxd5 23. Nd3 Rd8 24. Rd1 Qc4 25. Qe2 e4
26. Kb1 exd3 27. cxd3 Qb4 28. Rc1+ Kb8 29. Qc2 Qd6 30. Na5 Nb4 31. Qg2
Qxd3+ 32. Ka1 0-1

[Event "IsBank TCh-TUR"]
[Site "Konya TUR"]
[Date "2010.07.02"]
[Round "6"]
[White "Sanikidze,T"]
[Black "Margvelashvili,G"]
[Result "1/2-1/2"]
[WhiteElo "2569"]
[BlackElo "2529"]
[EventDate "2010.06.29"]

1. d4 Nf6 2. c4 e6 3. Nf3 d5 4. Nc3 dxc4 5. e4 Bb4 6. Bg5 h6 7. Bxf6 Qxf6
8. Bxc4 c5 9. O-O cxd4 10. Nb5 Qe7 11. Qxd4 O-O 12. Nxa7 Bc5 13. Nxc8 Rxc8
14. Qd2 Nc6 15. Qe2 Nd4 16. Nxd4 Bxd4 17. Rac1 Qf6 18. Rc2 b5 19. Bxb5 Rxc2
20. Qxc2 Rxa2 21. Rb1 Rxb2 22. Rxb2 Bxb2 23. Bd3 Be5 24. g3 g5 25. Qe2 Kg7
26. Kg2 Bd4 27. Qf3 Qxf3+ 28. Kxf3 f5 29. exf5 exf5 30. Bxf5 h5 31. h4 gxh4
32. gxh4 Bxf2 1/2-1/2

[Event "IsBank TCh-TUR"]
[Site "Konya TUR"]
[Date "2010.07.02"]
[Round "6"]
[White "Gaponenko,I"]
[Black "Arutinian,D"]
[Result "0-1"]
[WhiteElo "2465"]
[BlackElo "2566"]
[EventDate "2010.06.29"]

1. e4 c6 2. d4 d5 3. exd5 cxd5 4. c4 Nf6 5. Nc3 e6 6. Nf3 Bb4 7. cxd5 Nxd5
8. Qc2 Nc6 9. a3 Bd6 10. Bc4 Nce7 11. Bg5 Qc7 12. Bxe7 Nxe7 13. Nb5 Qa5+
14. b4 Qb6 15. Nxd6+ Qxd6 16. O-O Bd7 17. Qd3 Rd8 18. Rad1 Bc6 19. Rfe1 Qf4
20. Ne5 O-O 21. Nxc6 bxc6 22. Qe3 Qf6 23. Qe5 Nf5 24. Qc5 Nxd4 25. Qxa7 Nc2
26. Rf1 Qc3 27. Rxd8 Rxd8 28. Qc7 Rf8 29. Qxc6 Nxa3 30. Bd5 Qxb4 31. Be4 g6
32. h4 Rd8 33. h5 gxh5 34. Rc1 Qd6 35. Qa4 Qe5 36. Bf3 Nb5 37. Qa5 Rb8 38.
Rb1 Rc8 39. Re1 Qc5 40. Rd1 Nd4 41. Qd2 Nxf3+ 42. gxf3 Qe5 0-1

[Event "IsBank TCh-TUR"]
[Site "Konya TUR"]
[Date "2010.07.02"]
[Round "6"]
[White "Arslan,Erda"]
[Black "Afyoncu,O"]
[Result "0-1"]
[WhiteElo "2126"]
[BlackElo "2087"]
[EventDate "2010.06.29"]

1. d4 f5 2. Nf3 Nf6 3. c4 g6 4. g3 Bg7 5. Bg2 O-O 6. O-O d6 7. Nc3 Qe8 8.
d5 a5 9. Be3 Na6 10. Rc1 Bd7 11. Qd2 Ng4 12. Bd4 Bh6 13. e3 c5 14. dxc6
bxc6 15. Bb6 Qb8 16. Bxa5 Nc5 17. b4 Ne4 18. Qe2 Nexf2 19. Rxf2 Bxe3 20.
Rcf1 Bxf2+ 21. Rxf2 Nxf2 22. Kxf2 e5 23. c5 e4 24. Nd2 d5 25. Kg1 Qe5 26.
Na4 Bc8 27. Nb6 Ba6 28. Qe1 Qd4+ 29. Kh1 Ra7 30. Nb3 Qd3 31. h3 Re7 32. b5
Bxb5 33. Bc3 f4 34. gxf4 Rxf4 35. Bd4 e3 36. Nxd5 cxd5 37. Qa5 Rxd4 38.
Nxd4 Qd1+ 39. Kh2 Qxd4 0-1

[Event "IsBank TCh-TUR"]
[Site "Konya TUR"]
[Date "2010.07.02"]
[Round "6"]
[White "Serin,S"]
[Black "Okay,I"]
[Result "0-1"]
[WhiteElo "1719"]
[BlackElo "1865"]
[EventDate "2010.06.29"]

1. e4 c6 2. d4 d5 3. Nc3 dxe4 4. Nxe4 Nd7 5. c3 Ngf6 6. Nxf6+ Nxf6 7. Nf3
Bg4 8. Bf4 e6 9. Be2 Bd6 10. Bxd6 Qxd6 11. Ne5 Bxe2 12. Qxe2 O-O 13. O-O
Rad8 14. Rad1 Nd5 15. Rfe1 c5 16. h3 Qc7 17. Qb5 cxd4 18. Rxd4 a6 19. Qe2
f6 20. Nf3 e5 21. Re4 Kh8 22. g3 Qa5 23. a3 Rd6 24. Qc2 g6 25. c4 Nc7 26.
Rh4 Kg7 27. Qc1 Rf7 28. b4 Qa4 29. c5 Rd3 30. Qc4 Rfd7 31. Kg2 Qxa3 32. Qe4
R7d5 33. g4 Qc3 34. Re2 Ne6 35. Rxh7+ Kxh7 36. Nh4 Nf4+ 37. Kf1 Rd1+ 0-1

[Event "IsBank TCh-TUR"]
[Site "Konya TUR"]
[Date "2010.07.02"]
[Round "6"]
[White "Karabayir,M"]
[Black "Yuksel,G"]
[Result "0-1"]
[WhiteElo "1867"]
[BlackElo "1825"]
[EventDate "2010.06.29"]

1. d4 d5 2. Nf3 Nf6 3. Bg5 c6 4. e3 Bf5 5. Bd3 Bxd3 6. Qxd3 Nbd7 7. Nbd2
Qc7 8. Bf4 Qb6 9. O-O e6 10. c4 Be7 11. c5 Qd8 12. h3 O-O 13. b4 a5 14. b5
a4 15. Rab1 Qa5 16. bxc6 bxc6 17. Rb7 Bxc5 18. Rc1 Rfc8 19. dxc5 Nxc5 20.
Rxc5 Qxc5 21. Ng5 Ra7 22. Rxa7 Qxa7 23. Be5 h6 24. Bxf6 hxg5 25. Bxg5 f6
26. Bf4 c5 27. Nf3 c4 28. Qc3 e5 29. Bg3 Qc5 30. h4 Rb8 31. Nxe5 fxe5 32.
Qxe5 Rb1+ 33. Kh2 Qc6 34. Qf5 Rb7 35. Be5 c3 36. Bxc3 Rf7 37. Qe5 Qc7 38.
Kg1 Qxe5 39. Bxe5 Rb7 40. a3 Rb3 41. Bd6 Kf7 42. g4 Rd3 43. Bc5 Rc3 44. Bb4
Rc4 45. Bd6 Rxg4+ 46. Kf1 Rxh4 47. Ke2 Ke6 48. Bc5 Kf5 49. Kd3 g5 50. Bd6
Rc4 51. Be7 g4 52. Bd6 Re4 53. Bc7 Rc4 54. Bd6 Rc1 55. Bg3 Ra1 56. Bd6 Ra2
57. e4+ dxe4+ 58. Ke3 Rb2 59. Bc5 Rb3+ 60. Ke2 0-1

[Event "IsBank TCh-TUR"]
[Site "Konya TUR"]
[Date "2010.07.02"]
[Round "6"]
[White "Sahin,Handenur"]
[Black "Tandogan,Buket"]
[Result "1/2-1/2"]
[WhiteElo "1656"]
[BlackElo "1553"]
[EventDate "2010.06.29"]

1. d4 Nf6 2. Nf3 e6 3. Bf4 d5 4. e3 Nbd7 5. Nbd2 c5 6. c3 Be7 7. Be2 O-O 8.
O-O b6 9. h3 Bb7 10. Bd3 Nh5 11. Bh2 f5 12. Ne5 Nhf6 13. Ndf3 c4 14. Bc2 b5
15. Ng5 Qb6 16. a4 Nxe5 17. Bxe5 Ne4 18. Nxe4 fxe4 19. axb5 Qxb5 20. Qg4
Rf7 21. Ra2 Qb6 22. Ba4 Bf6 23. Bg3 Bc8 24. Qe2 Bd7 25. Bxd7 Rxd7 26. Rfa1
a5 27. Kh1 Rda7 28. f3 exf3 29. gxf3 a4 30. Rb1 a3 31. Qc2 Qb3 32. Qxb3
cxb3 33. Rxa3 Rxa3 34. bxa3 Be7 35. Rxb3 Rxa3 36. Rxa3 Bxa3 37. Kg2 Bc1 38.
Kf2 Bd2 39. Ke2 Bxc3 40. Kd3 Bb4 41. e4 Kf7 42. Be5 g6 43. Ke3 Be7 44. Kf4
Bd8 45. Kg3 Be7 46. Kg4 Bd8 47. Kg3 Be7 1/2-1/2

[Event "IsBank TCh-TUR"]
[Site "Konya TUR"]
[Date "2010.07.04"]
[Round "7"]
[White "Sanal,S"]
[Black "Asan,E"]
[Result "1/2-1/2"]
[WhiteElo "1713"]
[BlackElo "1796"]
[EventDate "2010.06.29"]

1. e4 e5 2. Nf3 Nc6 3. Nc3 Nf6 4. d4 exd4 5. Nxd4 Bc5 6. Be3 Bb6 7. Nxc6
bxc6 8. Bxb6 axb6 9. Bd3 O-O 10. O-O Re8 11. Re1 Ra5 12. f3 d6 13. Qd2 h6
14. Rad1 Qe7 15. a3 Nh5 16. Bf1 Qf6 17. Qd4 Rae5 18. Ne2 Nf4 19. Nxf4 Qxf4
20. Qc3 Rc5 21. Qd2 Qf6 22. c3 Rce5 23. Bc4 Qh4 24. Qf2 Qf6 25. Qd2 Qh4 26.
Qf2 Qf6 27. Bd3 R5e7 28. Bc4 Re5 29. Bd3 R5e7 30. Bc4 Re5 1/2-1/2

[Event "IsBank TCh-TUR"]
[Site "Konya TUR"]
[Date "2010.07.04"]
[Round "7"]
[White "Topel,Z"]
[Black "Gvetadze,Sopi"]
[Result "0-1"]
[WhiteElo "2226"]
[BlackElo "2363"]
[EventDate "2010.06.29"]

1. d4 d5 2. Nf3 e6 3. c4 c6 4. e3 Bd6 5. Nc3 f5 6. g3 Nf6 7. Bg2 Nbd7 8.
O-O O-O 9. Ng5 Qe7 10. f3 h6 11. Nh3 dxc4 12. Qe2 Nb6 13. e4 fxe4 14. fxe4
e5 15. dxe5 Bxe5 16. Nf4 Bg4 17. Qc2 Bh5 18. Be3 Bf7 19. Kh1 Rfe8 20. Rae1
Rad8 21. Bg1 Nc8 22. Nb1 Qb4 23. Re2 Nd6 24. a3 Qa5 25. Rfe1 Nb5 26. Nd2
Nd4 27. Bxd4 Rxd4 28. Nf3 Rd6 29. Nxe5 Qxe5 30. Rd2 Red8 31. Rxd6 Rxd6 32.
Bf1 b5 33. a4 a6 34. axb5 axb5 35. Bg2 Nd7 36. Qe2 Nf6 37. Ra1 Rd8 38. Ra6
g5 39. Nh3 Bh5 40. Qf2 Nxe4 41. Qe3 Qc5 42. Qxc5 Nxc5 43. Rxc6 Rd1+ 44. Ng1
Nd3 45. Rc8+ Kg7 46. Bc6 Nxb2 47. h3 b4 48. g4 Bg6 49. Bf3 Re1 50. Rc7+ Kf6
51. Kg2 c3 52. Ne2 c2 53. Rc6+ Ke7 54. Kg3 Bd3 55. Kf2 Rd1 56. Bd5 Rd2 57.
Bf3 Nc4 58. Ke1 Rxe2+ 0-1

[Event "IsBank TCh-TUR"]
[Site "Konya TUR"]
[Date "2010.07.04"]
[Round "7"]
[White "Kozhuharov,S"]
[Black "Yeke,S"]
[Result "1/2-1/2"]
[WhiteElo "2404"]
[BlackElo "2321"]
[EventDate "2010.06.29"]

1. c4 e5 2. Nc3 Nf6 3. Nf3 Nc6 4. g3 Bb4 5. Bg2 O-O 6. O-O e4 7. Ng5 Bxc3
8. bxc3 Re8 9. d3 exd3 10. exd3 h6 11. Nf3 b6 12. Bd2 Bb7 13. Qc2 d5 14.
cxd5 Qxd5 15. Nh4 Qd7 16. Rfe1 Na5 17. c4 Bxg2 18. Kxg2 Nc6 19. Bc3 Ng4 20.
Nf3 Qf5 21. h3 Nge5 22. Nxe5 Nxe5 23. Bxe5 Rxe5 24. Re4 Rd8 25. Rae1 Rxe4
26. Rxe4 Qd7 27. Re3 c5 28. Qe2 Kf8 29. Qf3 a6 30. Qe4 Kg8 1/2-1/2

[Event "IsBank TCh-TUR"]
[Site "Konya TUR"]
[Date "2010.07.04"]
[Round "7"]
[White "Catalkilic,O"]
[Black "Komut,B"]
[Result "1/2-1/2"]
[WhiteElo "1962"]
[BlackElo "2012"]
[EventDate "2010.06.29"]

1. e4 e5 2. Nf3 Nc6 3. d4 exd4 4. Nxd4 Bc5 5. Be3 Qf6 6. c3 Nge7 7. Bc4 Ne5
8. Be2 Qg6 9. O-O d6 10. Bh5 Qxe4 11. Re1 Qd3 12. Nd2 O-O 13. Be2 Qg6 14.
Bh5 Qd3 15. Be2 Qg6 16. Bh5 Qd3 17. Be2 Qg6 18. Bh5 1/2-1/2

[Event "IsBank TCh-TUR"]
[Site "Konya TUR"]
[Date "2010.07.04"]
[Round "7"]
[White "Korkmaz,N"]
[Black "Ataman,A"]
[Result "1/2-1/2"]
[WhiteElo "2199"]
[BlackElo "2191"]
[EventDate "2010.06.29"]

1. e4 e5 2. Nf3 Nc6 3. Bb5 a6 4. Ba4 Nf6 5. O-O Be7 6. Re1 b5 7. Bb3 O-O 8.
h3 d6 9. c3 Nd7 10. a3 Bf6 11. d3 Bb7 12. Nbd2 Nc5 13. Bc2 d5 14. d4 exd4
15. e5 d3 16. Bb1 Be7 17. b4 Na4 18. Bxd3 f5 19. Qc2 g6 20. Nb3 Nb6 21. Bh6
Bc8 22. Nfd4 Nxd4 23. Nxd4 Re8 24. e6 Bg5 25. e7 Rxe7 26. Nc6 Rxe1+ 27.
Rxe1 Qd7 28. Ne5 Qd8 29. Nc6 Qd7 30. Ne5 Qd8 31. Nc6 1/2-1/2

[Event "IsBank TCh-TUR"]
[Site "Konya TUR"]
[Date "2010.07.04"]
[Round "7"]
[White "Citak,S"]
[Black "Karakehajov,K"]
[Result "0-1"]
[WhiteElo "2340"]
[BlackElo "2505"]
[EventDate "2010.06.29"]

1. d4 d5 2. c4 e6 3. Nf3 c6 4. e3 Nf6 5. Nbd2 Nbd7 6. Bd3 Be7 7. O-O O-O 8.
e4 dxe4 9. Nxe4 c5 10. Nxc5 Nxc5 11. dxc5 Qc7 12. Qe2 Qxc5 13. Bg5 h6 14.
Bh4 Bd7 15. Ne5 Rfd8 16. Rfd1 Be8 17. Bc2 b5 18. b3 bxc4 19. bxc4 Rd4 20.
Bg3 Rad8 21. Rxd4 Rxd4 22. Rd1 h5 23. Qe3 Rxd1+ 24. Bxd1 Qxe3 25. fxe3 Ne4
26. Be1 Bc5 27. Bxh5 Bxe3+ 28. Kf1 Bd4 29. Nd3 Nd6 30. c5 Bb5 31. Be2 Nc4
32. Bf2 Ne3+ 33. Kg1 Kf8 34. Kh1 g5 35. h3 Ke8 36. Bg3 Nd5 37. Bb8 Nc3 38.
Bf1 a5 39. a3 Ne4 40. Kh2 Nxc5 41. Nxc5 Bxf1 42. Ne4 f6 43. Bc7 a4 44. Bd6
Kd7 45. Bb4 Kc6 46. Nc3 Bd3 47. Nxa4 Kb5 48. Nc3+ Kc4 49. Na2 e5 50. Be1 e4
51. Nb4 Bc3 52. Bg3 e3 53. Nxd3 Kxd3 0-1

[Event "IsBank TCh-TUR"]
[Site "Konya TUR"]
[Date "2010.07.04"]
[Round "7"]
[White "Erdogan,H"]
[Black "Gurcan,S"]
[Result "0-1"]
[WhiteElo "2271"]
[BlackElo "2237"]
[EventDate "2010.06.29"]

1. d4 Nf6 2. c4 g6 3. Nc3 Bg7 4. e4 d6 5. Nf3 O-O 6. Be2 Bg4 7. O-O Nfd7 8.
Ne1 Bxe2 9. Nxe2 c5 10. d5 Na6 11. Rb1 Nc7 12. b3 b5 13. Bb2 bxc4 14. Bxg7
Kxg7 15. bxc4 Nb6 16. Qc1 e6 17. Rb3 Qe7 18. Rh3 f5 19. e5 Rad8 20. exd6
Rxd6 21. Re3 Qf6 22. dxe6 Nxe6 23. Nd3 f4 24. Rf3 g5 25. h4 h6 26. Ng3 Qd4
27. Ne2 Qxc4 28. Qb2+ Kg8 29. Rc1 Qd5 30. hxg5 Nxg5 31. Ne1 Nxf3+ 32. Nxf3
Rf5 33. Nc3 Qd3 34. Re1 Rf8 35. Nb5 Rd7 36. Ne5 Qd2 37. Qb1 Rg7 38. Ng6 Rd8
39. Ne7+ Kh8 40. Qa1 Kh7 41. Qb1+ Qd3 42. Qc1 Qf3 43. Qb1+ Rd3 44. Ng6 Rxg6
45. Re7+ Kg8 46. Re8+ Kf7 47. Nd6+ Rdxd6 0-1

[Event "IsBank TCh-TUR"]
[Site "Konya TUR"]
[Date "2010.07.04"]
[Round "7"]
[White "Sipahioglu,I"]
[Black "Deruni,B"]
[Result "0-1"]
[WhiteElo "2057"]
[BlackElo "2107"]
[EventDate "2010.06.29"]

1. Nf3 Nf6 2. c4 e6 3. Nc3 b6 4. g3 Bb7 5. Bg2 c5 6. O-O Be7 7. b3 O-O 8.
Bb2 Nc6 9. Rc1 Rc8 10. Qc2 d5 11. cxd5 exd5 12. Rfd1 Nb4 13. Qb1 d4 14. Nb5
a6 15. Na3 d3 16. e3 b5 17. Qa1 Be4 18. Ne1 Bxg2 19. Kxg2 Qd5+ 20. f3 Rc6
21. Nb1 Nc2 22. Nxc2 dxc2 23. Rxc2 Qd3 24. Rcc1 Qe2+ 25. Kg1 Ne4 26. Rf1
Rh6 27. h4 Rg6 28. g4 Rxg4+ 29. fxg4 Qxg4+ 30. Kh1 Qxh4+ 31. Kg2 Qg3+ 32.
Kh1 Bd6 0-1

[Event "IsBank TCh-TUR"]
[Site "Konya TUR"]
[Date "2010.07.04"]
[Round "7"]
[White "Ulusoy,Nisan"]
[Black "Ozturk,H"]
[Result "0-1"]
[WhiteElo "1613"]
[BlackElo "1671"]
[EventDate "2010.06.29"]

1. e4 e5 2. Nf3 Nc6 3. Bb5 a6 4. Ba4 Nf6 5. O-O Be7 6. Re1 b5 7. Bb3 d6 8.
c3 O-O 9. h3 Na5 10. Bc2 c5 11. d4 Qc7 12. Nbd2 cxd4 13. cxd4 Nc6 14. Nb3
Bd7 15. Be3 a5 16. Rc1 Qb7 17. a3 a4 18. Nbd2 Rfe8 19. Nf1 g6 20. Ng3 Bf8
21. Qd2 Na5 22. Qe2 Nc4 23. Bg5 Bg7 24. Bd3 Na5 25. dxe5 dxe5 26. Rc5 Qa7
27. Be3 Qb8 28. Bxb5 Bf8 29. Bxd7 Nxd7 30. Rb5 Qc8 31. Rc1 Qa6 32. Rd5 Qxe2
33. Nxe2 Nf6 34. Rxe5 Rxe5 35. Nxe5 Nxe4 36. f3 Nf6 37. f4 Nd5 38. Bf2 Bd6
39. Rd1 Nxf4 40. Nxf4 Bxe5 41. Nd3 Bg7 42. Rc1 Rd8 43. Nc5 Bxb2 44. Rc2
Rd1+ 45. Kh2 Bxa3 46. Nxa4 Bd6+ 47. g3 Kg7 48. Nb2 Rd5 49. Na4 Nb3 50. Rb2
Rd3 51. Nb6 Nc5 52. Re2 Ne6 53. Re4 Rd2 54. Kg1 Ng5 55. Bd4+ Rxd4 56. Rxd4
Nf3+ 57. Kf2 Nxd4 58. Nc4 Bb8 59. g4 Kf6 60. Ke3 Ne6 61. Nb6 Kg5 62. Nd7
Bc7 63. Kf3 Kh4 64. Nf6 Kxh3 65. Nxh7 Bd8 66. Ke4 Kxg4 67. Ke5 Kh5 68. Nf6+
Bxf6+ 69. Kxf6 g5 0-1

[Event "IsBank TCh-TUR"]
[Site "Konya TUR"]
[Date "2010.07.04"]
[Round "7"]
[White "Ersoz,B"]
[Black "Olcum,A"]
[Result "1-0"]
[WhiteElo "1764"]
[BlackElo "1949"]
[EventDate "2010.06.29"]

1. e4 g6 2. d4 Bg7 3. Nf3 d6 4. h3 c5 5. c3 cxd4 6. Nxd4 Nf6 7. Bd3 Nc6 8.
Nf3 O-O 9. O-O b6 10. Re1 Bb7 11. Bc2 Qc7 12. Na3 Rad8 13. Nb5 Qc8 14. Nbd4
e5 15. Nxc6 Qxc6 16. Qe2 Rfe8 17. Bg5 Rd7 18. Bxf6 Bxf6 19. Bd3 Qc8 20. Bb5
Bc6 21. Bxc6 Qxc6 22. Rad1 d5 23. exd5 Rxd5 24. Qe4 Rc5 25. Qxc6 Rxc6 26.
Nd2 Rce6 27. Ne4 Be7 28. Nd2 a5 29. a4 f5 30. Nc4 Bc5 31. Rb1 e4 32. b4
axb4 33. cxb4 Bd4 34. Red1 Bf6 35. a5 bxa5 36. bxa5 f4 37. Nb6 e3 38. Nd5
Bh4 39. fxe3 fxe3 40. Nc7 e2 41. Re1 Ra6 1-0